| 000 | 00401nam a2200157Ia 4500 | ||
|---|---|---|---|
| 008 | 210716s2002 xx 000 0 und d | ||
| 020 | _a8178089955 | ||
| 041 | _aeng | ||
| 082 | _a004.65 DODA | ||
| 100 | _aDodd, Annabel Z. | ||
| 245 | _aEssential guide to telecommunications. | ||
| 250 | _a3 | ||
| 260 |
_aNew Delhi _bPearson Education _c2002 |
||
| 300 | _axxiv,500 | ||
| 650 | _aComputer Networks | ||
| 999 |
_c186429 _d186429 |
||